00934nam a2200205 a 450000500170000000800410001704000250005804100080008304400070009108200210009810000260011924502280014526000710037330000350044450400420047965000590052165000680058065000510064870000290069920160531160223.0140314s2003 pe |||||r|||| 00| 0 spa d aCO-BoIAVHcCO-BoIAVH0 aspa ape04a333.953416bR98l1 aRuíz, Manueleautor10aLineamientos técnicos : bapoyo a la negociación internacional de los países miembros de la comunidad andina en materia de accesos a recursos géneticos y conocimientos tradicionales / cManuel Ruiz y Mónica Rosell aLima : bSecretaria General de la Comunidad Andina : bCAF,c2003. a247 páginas ; c29 x 20 cm.  aIncluye referencias bibliográficas.24aAcceso a recursos genéticosvGuías, manuales, etc.24aConocimiento tradicionalxprotecciónvGuías, manuales, etc.26aPropiedad intelectualvGuías, manuales, etc.1 aRosell, Mónicaeautora